Statistics for QBs with multiple Superbowl wins

Click here to take the quiz!

General Stats

  • This quiz has been taken 46 times
    (14 since last reset)
  • The average score is 9 of 11

Answer Stats

(Rank) WinsQB% Correct
(2) 2Peyton Manning
100%
(1) 7Tom Brady
100%
(3) 4Joe Montana
92%
(4)2Patrick Mahomes
92%
(9) 4Terry Bradshaw
92%
(8) 2Bart Starr
75%
(7) 2Ben Roethlisberger
75%
(5) 2John Elway
75%
(6) 2Roger Staubach
67%
(10) 3Troy Aikman
67%
(11) 2Bob Griese
42%

Score Distribution

Percentile by Number Answered

Percent of People with Each Score

Your Score History

You have not taken this quiz since the last reset